| 000 | 00630nam a22001457a 4500 | ||
|---|---|---|---|
| 020 | _a978-93-86106-56-8 | ||
| 082 |
_a823 _bROW/H |
||
| 100 | _aROWLING, J K | ||
| 245 |
_aHARRY POTTER _bCINEMATIC GUIDE |
||
| 260 |
_aGURGAON _bSCHOLASTIC INDIA _c2016 |
||
| 300 | _a64 | ||
| 520 | _aThe book is about 11 year old Harry Potter, who receives a letter saying that he is invited to attend Hogwarts, school of witchcraft and wizardry. He then learns that a powerful wizard and his minions are after the sorcerer's stone that will make this evil wizard immortal and undefeatable | ||
| 650 |
_aADVENTURE CINEMATIC GUIDE _zINDIA |
||
| 942 | _cBK | ||
| 999 |
_c5928 _d5928 |
||